15 największych miast Ukrainy - Statystyki

Ogólne statystyki
  • Ten quiz został rozwiązany 93 razy
  • Średni wynik to 11 z 15
Statystyki odpowiedzi
Ludność Miasto % Poprawnych
2 952 301 Kijów
100%
1 421 125 Charków
99%
717 273 Lwów
97%
901 645 Donieck
96%
1 010 537 Odessa
96%
968 502 Dniepr
91%
397 677 Ługańsk
79%
393 304 Sewastopol
76%
425 681 Mariupol
67%
603 904 Krzywy Róg
65%
710 052 Zaporoże
63%
470 011 Mikołajów
58%
369 739 Winnica
46%
332 317 Symferopol
40%
338 968 Makiejewka
9%
Nie znaleziono quizów pasujących do podanych kryteriów
Rozkład punktacji
Procent ludzi z każdym wynikiem
Percentyl według liczby udzielonych odpowiedzi
Twoja historia wyników
Nie rozwiązałeś tego quizu